Gestión de bases de datos con SQL MySQL y Access: curso práctico

Saved in:
Bibliografiske detaljer
Hovedforfatter: Orbegozo Arana, Borja (autor)
Format: Bog
Sprog:spansk
Udgivet: Cuernavaca Alfaomega 2013
Udgivelse:1a. ed
Fag:
Tags: Tilføj Tag
Ingen Tags, Vær først til at tagge denne postø!

MARC

LEADER 00000cam a2200000 a 4500
001 UCC7476
003 CL-VaPUC
008 190329e20130000mx |||||||||||||||||spa|d
020 |a 9786077075820 
082 0 4 |a 005.3  |b ORB  |2 21 
100 |a Orbegozo Arana, Borja  |e autor  |9 602196 
245 1 0 |a Gestión de bases de datos con SQL MySQL y Access: curso práctico 
250 |a 1a. ed 
300 |a 230 p 
942 |c BK 
945 |d 20190329 16:06:00  |a dcastane 
260 |a Cuernavaca  |b Alfaomega  |c 2013 
650 0 |a Programación de computadores   |9 259531 
650 0 |a Software para computadores  |9 529972 
650 0 |a Bases de datos   |9 260577 
650 7 |a SQL  |2 CL-VaPUC  |9 602109 
583 |a last modification  |c 20190412 09:11:22  |k Rodrigo Vera 
999 |c 374105  |d 374103 
952 |0 0  |1 0  |3 erb  |4 0  |6 005_300000000000000_ORB_2013  |7 0  |8 A  |9 492484  |a BIBING  |b BIBING  |i 5540585  |l 1  |o 005.3 ORB 2013  |p 5540585  |r 2025-01-20  |s 2022-05-11  |w 2019-11-24  |y BK  |z Catalogado en:20190329  |k CCI 
952 |0 0  |1 0  |3 erb  |4 0  |6 005_300000000000000_ORB_2013  |7 0  |8 A  |9 492485  |a BIBING  |b BIBING  |i 5540577  |l 1  |m 1  |o 005.3 ORB 2013  |p 5540577  |r 2025-01-20  |s 2024-10-29  |w 2019-11-24  |y BK  |z Catalogado en:20190329  |k CCI 
952 |0 0  |1 0  |3 erb  |4 0  |6 005_300000000000000_ORB_2013  |7 0  |8 A  |9 492486  |a BIBING  |b BIBING  |i 5542626  |o 005.3 ORB 2013  |p 5542626  |r 2025-01-20  |w 2019-11-24  |y BK  |z Catalogado en:20190412  |k CCI